| 000 | 00886cab a2200301 4500 | ||
|---|---|---|---|
| 001 | ABS68706 | ||
| 008 | 050228n2005 000 0 eng u | ||
| 035 | _a(Sirsi) u128911 | ||
| 245 | _aRegional: Yorkshire and north Lincs | ||
| 260 | _c2005 | ||
| 490 |
_aProperty Week _v70(7) 18 February 2005, 71-96(12) |
||
| 590 | _aABS | ||
| 650 | _aYORKSHIRE | ||
| 650 | _aHULL | ||
| 650 | _aLEEDS | ||
| 650 | _aNORTH LINCOLNSHIRE | ||
| 650 | _aROTHERHAM | ||
| 650 | _aSHEFFIELD | ||
| 650 | _aDONCASTER | ||
| 650 | _aNORTHERN ENGLAND | ||
| 650 | _aREGENERATION | ||
| 650 | _aPROPERTY-COMMERCIAL PROPERTY-RETAIL PROPERTY-RETAIL PROPERTY MARKET | ||
| 650 | _aPROPERTY-COMMERCIAL PROPERTY-OFFICE PROPERTY-OFFICE PROPERTY MARKET | ||
| 650 | _aLEISURE MARKET | ||
| 650 | _aINDUSTRIAL MARKET | ||
| 690 | _aPROPERTY-COMMERCIAL PROPERTY-COMMERCIAL PROPERTY MARKET | ||
| 942 | _n0 | ||
| 999 |
_c74858 _d74858 |
||